Foundations of Nursing Practice : (Record no. 3314)
[ view plain ]
| 000 -LEADER | |
|---|---|
| fixed length control field | 00769cam a2200229 i 4500 |
| 003 - CONTROL NUMBER IDENTIFIER | |
| control field | OSt |
| 005 - DATE AND TIME OF LATEST TRANSACTION | |
| control field | 20220222103510.0 |
| 008 - FIXED-LENGTH DATA ELEMENTS--GENERAL INFORMATION | |
| fixed length control field | 140521s2013 stka b 001 0 eng |
| 020 ## - INTERNATIONAL STANDARD BOOK NUMBER | |
| International Standard Book Number | 9780723436614 (pbk) |
| 040 ## - CATALOGING SOURCE | |
| Original cataloging agency | DLC |
| Transcribing agency | KABLIB |
| Modifying agency | KABLIB |
| 082 00 - DEWEY DECIMAL CLASSIFICATION NUMBER | |
| Classification number | 610.73 |
| Edition number | 23 |
| Item number | FOU |
| 245 00 - TITLE STATEMENT | |
| Title | Foundations of Nursing Practice : |
| Remainder of title | fundamentals of holistic care / |
| Statement of responsibility, etc. | edited by Chris Brooker, Anne Waugh, ; foreword by Professor Roger Watson, |
| 250 ## - EDITION STATEMENT | |
| Edition statement | 2nd ed. |
| 264 #1 - PRODUCTION, PUBLICATION, DISTRIBUTION, MANUFACTURE, AND COPYRIGHT NOTICE | |
| Place of production, publication, distribution, manufacture | Edinburgh : |
| Name of producer, publisher, distributor, manufacturer | Mosby/Elsevier, |
| Date of production, publication, distribution, manufacture, or copyright notice | c2013. |
| 300 ## - PHYSICAL DESCRIPTION | |
| Extent | xi, 663 p : |
| Other physical details | ill ; |
| Dimensions | 28 cm. |
| 504 ## - BIBLIOGRAPHY, ETC. NOTE | |
| Bibliography, etc. note | Includes bibliographical references and index. |
| 650 #0 - SUBJECT ADDED ENTRY--TOPICAL TERM | |
| Topical term or geographic name entry element | Nursing. |
| 9 (RLIN) | 8724 |
| 700 1# - ADDED ENTRY--PERSONAL NAME | |
| Personal name | Brooker, Christine. |
| 9 (RLIN) | 7654 |
| 700 1# - ADDED ENTRY--PERSONAL NAME | |
| Personal name | Waugh, Anne. |
| 9 (RLIN) | 4238 |
| 700 1# - ADDED ENTRY--PERSONAL NAME | |
| Personal name | Watson, Roger. |
| 9 (RLIN) | 8725 |
| 942 ## - ADDED ENTRY ELEMENTS (KOHA) | |
| Source of classification or shelving scheme | Dewey Decimal Classification |
| Koha item type | Book |
No items available.